| 000 | 00624nam a2200205 u 4500 | ||
|---|---|---|---|
| 005 | 20241121063756.0 | ||
| 008 | 100630s2007 ag r 000 0 spa d | ||
| 020 | _a9789871220816 | ||
| 035 | _aUPN01000177107 | ||
| 049 | _aCG | ||
| 050 | 4 |
_aQC25 _bR6.3 |
|
| 100 | 1 | _aRojo, Alberto | |
| 245 | 1 | 3 |
_aLa física en la vida cotidiana / _cAlberto Rojo. |
| 260 |
_aBuenos Aires : _bSiglo XXI : _bUniversidad Nacional de Quilmes, _cc2007. |
||
| 300 |
_a221 p. : _bil., figs. |
||
| 440 | 0 | _aCiencia que ladra | |
| 650 | 0 |
_aFísica _vLiteratura juvenil _912572 |
|
| 650 | 4 |
_aFísica _xEstudio y enseñanza _912270 |
|
| 905 | _aLibro | ||
| 999 |
_c149210 _d149210 |
||